00000000nam##2200000za#4500
0019.631589
003CaOODSP
00520210624214411
007cr |||||||||||
008150407|2005||||xxc|||||o    f|0| 0 fre|d
020 |a0-662-77801-4
040 |aCaOODSP|bfre
043 |an-cn---
0861 |aCD4-17/2004F-PDF
1101 |aCanada.|bAgence canadienne de développement international.
24513|aLe cadre de programmation-pays de l'ACDI pour l'Indonésie, 2005-2009 |h[ressource électronique]
260 |aOttawa - Ontario : |bAgence canadienne de développement international |c2005.
300 |a26p.|bill., tableaux
5203 |aCe rapport présente le programme bilatéral de développement et la stratégie bilatérale de reconstruction de l’ACDI pour l’Indonésie. Il résume les projets canadiens entrepris à Sulawesi, à Aceh et au nord de Sumatra pour améliorer la gouvernance locale, promouvoir la croissance du secteur des petites entreprises, et rétablir la base de ressources naturelles afin de rétablir les moyens de subsistance perdus à cause du tsunami de 2004 – l’égalité entre les sexes faisant partie de tous les projets. Comprend des cartes, des photos, des descriptions et un résumé de l’histoire d’Aceh et de Sulawesi.
590 |a06-22|b2006-06-02
69107|aDéveloppement international|2gcpds
69107|aPays en développement|2gcpds
77508|tCIDA's country development programming framework for Indonesia, 2005-2009 |w(CaOODSP)9.687128
7760#|tCIDA's country development programming framework for Indonesia, 2005-2009 |w(CaOODSP)9.665835
7760#|tCadre de programmation-pays de l'ACDI pour l'Indonésie, 2005-2009 |w(CaOODSP)9.665836
85640|ahttp://publications.gc.ca|qPDF|s1452 Ko|uhttps://publications.gc.ca/collections/Collection/CD4-17-2004F.pdf